00520nam a2200193Ia 450000500170000000800410001702000180005804100120007608200160008810000210010424500670012525000120019226000440020430000210024865000130026965000130028265000140029570000170030920260429112140.0260429s9999||||xx |||||||||||||| ||und|| a9781119897576 aEnglish a709.04bROB aRobinson, Hilary 0aFeminisms/museums/surveys : ban anthology / cHilary Robinson a1st ed. aPondicherry : bWiley Blackwell,c2025. axvi, 624 p.; pbk a Museums a Surveys aFeminisms a Perry, Lara